| 000 | 01265nam a22002655a 4500 | ||
|---|---|---|---|
| 003 | OSt | ||
| 005 | 20170315123055.0 | ||
| 008 | 170313s2012 ua frb 000 0 ara d | ||
| 015 | _a2011 / 19414 | ||
| 020 | _a9789770468445 | ||
| 040 |
_aEG-ScBUE _bara _cEG-ScBUE |
||
| 043 |
_af-ua--- _ae-fr--- _aa-ts--- |
||
| 082 | 0 | 4 |
_222 _bع ب د _a346.073 |
| 100 | 1 | _aعبد المجيد، محمد نور الدين سيد. | |
| 245 | 1 | 2 |
_aالمسئولية الجنائية عن الاستعمال غير المشروع لبطاقات الائتمان : _bدراسة في القانون المصري والإماراتي والفرنسي / _cمحمد نور الدين سيد عبد المجيد. |
| 260 |
_aالقاهرة : _bدار النهضة العربية، _c2012. |
||
| 300 |
_a481 ص. ؛ _c24 سم. |
||
| 504 | _aيشتمل على إرجاعات ببليوجرافية. | ||
| 650 | 7 |
_2BUEsh _aبطاقات الائتمان _xقوانين وتشريعات _zمصر. |
|
| 650 | 7 |
_aبطاقات الائتمان _xقوانين وتشريعات _zفرنسا. _2BUEsh |
|
| 650 | 7 |
_aبطاقات الائتمان _xقوانين وتشريعات _zالإمارات العربية المتحدة. _2BUEsh |
|
| 651 | _2BUEsh | ||
| 653 |
_bLLAAWW _cMarch2017 |
||
| 942 | _2ddc | ||
| 999 |
_c24434 _d24406 |
||